[Event "Kouty nad Desnou op-B"]
[Site "Kouty nad Desnou"]
[Date "2014.03.15"]
[Round "9"]
[White "Zilava, Katerina"]
[Black "Bainhofner, Jiri"]
[Result "1/2-1/2"]
[WhiteElo "1475"]
[BlackElo "1781"]
[PlyCount "45"]
[EventDate "2014.03.08"]
[EventType "swiss"]
[EventRounds "9"]
[EventCountry "CZE"]
[SourceTitle "EXT 2015"]
[Source "ChessBase"]
[SourceDate "2014.11.20"]
[SourceVersion "1"]
[SourceVersionDate "2014.11.20"]
[SourceQuality "1"]

1. e4 e5 2. Nf3 Nc6 3. Bb5 a6 4. Ba4 Nf6 5. d3 b5 6. Bb3 h6 7. 0-0 d6 8. h3 Na5 9. Bd2 c5 10. Nc3 Nxb3 11. axb3 Be7 12. Nxb5 0-0 13. Nc3 Be6 14. Ne2 Nh7 15. Ng3 Qd7 16. Kh2 Ng5 17. Nxg5 hxg5 18. Qh5 f6 19. Qg6 Bf7 20. Qf5 Be6 21. Qg6 Bf7 22. Qf5 Be6 23. Qg6 1/2-1/2

[Event "Tabor op"]
[Site "Tabor"]
[Date "2013.08.04"]
[Round "9"]
[White "Zilava, Katerina"]
[Black "Rychtecky, Pavel"]
[Result "0-1"]
[WhiteElo "1424"]
[BlackElo "1741"]
[PlyCount "68"]
[EventDate "2013.07.28"]
[EventType "swiss"]
[EventRounds "9"]
[EventCountry "CZE"]
[SourceTitle "CBM 155 Extra"]
[Source "ChessBase"]
[SourceDate "2013.08.26"]
[SourceVersion "1"]
[SourceVersionDate "2013.08.26"]
[SourceQuality "1"]

1. e4 e5 2. Nf3 Nc6 3. Bb5 a6 4. Ba4 Nf6 5. d3 b5 6. Bb3 Be7 7. Nc3 d6 8. h3 0-0 9. 0-0 Na5 10. Be3 c5 11. Qd2 h6 12. Nd5 Nxb3 13. Nxe7+ Qxe7 14. axb3 Bb7 15. b4 Nd7 16. Qc3 Rac8 17. Rfc1 Kh7 18. Nd2 d5 19. exd5 cxb4 20. Qb3 f5 21. Nf3 Qd6 22. c4 bxc3 23. bxc3 Bxd5 24. c4 Be6 25. Rc2 f4 26. Bd2 bxc4 27. dxc4 Rfe8 28. Rac1 Rc6 29. Bb4 Qc7 30. Nd2 Bf5 31. Ra2 Ra8 32. Ba5 Qc8 33. g3 fxg3 34. Qxg3 Rg6 0-1

[Event "Hrdonov op"]
[Site "Hrdonov"]
[Date "2012.10.23"]
[Round "5"]
[White "Starychfojtu, Josef"]
[Black "Zilava, Katerina"]
[Result "1-0"]
[WhiteElo "1567"]
[BlackElo "1424"]
[PlyCount "91"]
[EventDate "2012.10.20"]
[EventType "swiss"]
[EventRounds "9"]
[EventCountry "CZE"]
[SourceTitle "CBM 151 Extra"]
[Source "ChessBase"]
[SourceDate "2012.12.18"]
[SourceVersion "1"]
[SourceVersionDate "2012.12.18"]
[SourceQuality "1"]

1. e4 e5 2. f4 Nc6 3. Nf3 d6 4. d4 exf4 5. Bc4 Bg4 6. 0-0 Qf6 7. c3 0-0-0 8. Qa4 Nge7 9. d5 Ne5 10. Nxe5 Qxe5 11. Rxf4 h5 12. Qxa7 c6 13. Be3 cxd5 14. Qa8+ Kc7 15. Qa5+ Kc8 16. Bxd5 Nxd5 17. Qxd5 Qxd5 18. exd5 Re8 19. Bb6 Re2 20. b3 f6 21. c4 Be7 22. Nc3 Rc2 23. Nb5 Kd7 24. Nd4 Rd2 25. h3 g5 26. Rff1 Be2 27. Rf2 Rd1+ 28. Rxd1 Bxd1 29. Rd2 Bxb3 30. axb3 Ra8 31. Nf5 Ra3 32. Rb2 Bf8 33. Bd4 Ra1+ 34. Kh2 g4 35. Bxf6 Rf1 36. Ng3 Rxf6 37. Nxh5 Rg6 38. hxg4 Bg7 39. Nxg7 Rxg7 40. Kg3 Ke7 41. Rf2 Rh7 42. g5 Rh8 43. Kg4 Rg8 44. g3 b6 45. Rf3 Rg6 46. Kh5 1-0

[Event "Tabor op"]
[Site "Tabor"]
[Date "2012.08.04"]
[Round "8"]
[White "Rychtecky, Pavel"]
[Black "Zilava, Katerina"]
[Result "1-0"]
[WhiteElo "1717"]
[BlackElo "1421"]
[PlyCount "43"]
[EventDate "2012.07.29"]
[EventType "swiss"]
[EventRounds "9"]
[EventCountry "CZE"]
[SourceTitle "EXT 2013"]
[Source "ChessBase"]
[SourceDate "2012.11.22"]
[SourceVersion "1"]
[SourceVersionDate "2012.11.22"]
[SourceQuality "1"]

1. e4 e5 2. Nf3 Nc6 3. d4 exd4 4. Bc4 Bc5 5. c3 dxc3 6. Bxf7+ Kxf7 7. Qd5+ Ke8 8. Qh5+ g6 9. Qxc5 cxb2 10. Bxb2 Nf6 11. Nbd2 d6 12. Qg5 Rf8 13. 0-0 Be6 14. a3 Qe7 15. h3 Rd8 16. a4 Kd7 17. Qb5 Kc8 18. Rab1 Nh5 19. Ba3 Ba2 20. Qxb7+ Kd7 21. Rbc1 Rxf3 22. Qxc6+ 1-0

[Event "Tabor op"]
[Site "Tabor"]
[Date "2012.08.02"]
[Round "6"]
[White "Zilava, Katerina"]
[Black "Bastyr, Pavel"]
[Result "0-1"]
[WhiteElo "1421"]
[BlackElo "1588"]
[PlyCount "57"]
[EventDate "2012.07.29"]
[EventType "swiss"]
[EventRounds "9"]
[EventCountry "CZE"]
[SourceTitle "EXT 2013"]
[Source "ChessBase"]
[SourceDate "2012.11.22"]
[SourceVersion "1"]
[SourceVersionDate "2012.11.22"]
[SourceQuality "1"]

1. e4 c6 2. d4 d5 3. Nc3 dxe4 4. Nxe4 Bf5 5. Ng3 Bg6 6. Bc4 e6 7. Nf3 Nd7 8. 0-0 Ngf6 9. Bf4 Be7 10. Re1 0-0 11. Qd2 Nh5 12. Nxh5 Bxh5 13. Ng5 h6 14. Ne4 Bg6 15. c3 Nb6 16. Bb3 Nd5 17. Bxh6 gxh6 18. Qxh6 Bxe4 19. Rxe4 Bg5 20. Rg4 f6 21. h4 Rf7 22. hxg5 Rh7 23. gxf6+ Kh8 24. Qg6 Nxf6 25. Rg5 Qe7 26. Qd3 Nd5 27. Qg3 Rf8 28. Rf1 Nf4 29. Rg4 0-1

[Event "CZE-ch U16 Girls"]
[Site "Kouty nad Desnou"]
[Date "2012.03.10"]
[Round "1"]
[White "Sroubova, Lenka"]
[Black "Zilava, Katerina"]
[Result "1-0"]
[WhiteElo "1781"]
[BlackElo "1461"]
[PlyCount "41"]
[EventDate "2012.03.10"]
[EventType "swiss"]
[EventRounds "9"]
[EventCountry "CZE"]
[SourceTitle "EXT 2013"]
[Source "ChessBase"]
[SourceDate "2012.11.22"]
[SourceVersion "1"]
[SourceVersionDate "2012.11.22"]
[SourceQuality "1"]

1. Nf3 Nc6 2. g3 e5 3. d3 d5 4. Bg2 Nf6 5. 0-0 Bg4 6. c4 Bc5 7. cxd5 Nxd5 8. Qa4 Be6 9. Nxe5 Qd6 10. Nxc6 bxc6 11. Nc3 0-0 12. Ne4 Nb6 13. Qc2 Bxf2+ 14. Rxf2 Qd7 15. Nc5 Qd4 16. Qc3 Qg4 17. Nxe6 fxe6 18. Bf3 Qg6 19. Qxc6 Rac8 20. Bd2 Qf6 21. Bc3 1-0